00830nam a2200229 a 450000100060000000300080000600500170001400800410003103500200007204000260009204100080011808200250012610000210015124501380017226000680031030000240037849000650040250000190046765000320048665000170051883000650053541179BD-RjUL20211209053337.0160516t19661944enk||||| |||| 001 0 eng d a(BD-RjUL) 41295 aBD-RjULbengcBD-RjUL aeng 223a320.15bHEN 19661 aHertz, Frederick10aNationality in history and politics :ba study of the psychology and sociology of national sentiment and character /cFrederick Hertz aLondon :bRoutledge & Kegan Paul Ltd., c1944 [Impression 1966] ax, 417 p. ;c23 cm. aInternational library of sociology and social reconstruction aIncludes index aNationalism and nationality aNationalisme aInternational library of sociology and social reconstruction